[Event "25th Klatovy B 2017"]
[Site "Klatovy CZE"]
[Date "2017.07.01"]
[Round "1.1"]
[White "Svec, Vitezslav"]
[Black "Kovar, Petr2"]
[Result "1-0"]
[WhiteElo "1630"]
[BlackElo "1990"]
[PlyCount "50"]
[EventDate "2017.07.01"]
[EventType "swiss"]
[EventRounds "9"]
[EventCountry "CZE"]

1. d4 Nf6 2. Bf4 d5 3. e3 c5 4. c3 Nc6 5. Nd2 Bf5 6. Ngf3 Rc8 7. Nh4 Bd7 8. Bd3 h6 9. Nhf3 cxd4 10. exd4 e6 11. Ne5 Qb6 12. Rb1 Na5 13. Nxd7 Nxd7 14. O-O Bd6 15. Bxd6 Qxd6 16. Re1 O-O 17. Nf3 Nc4 18. Bxc4 Rxc4 19. Ne5 Nxe5 20. Rxe5 Qa6 21. a3 b5 22. Re2 Qc6 23. Rc2 Rc8 24. Rbc1 a5 25. b3 Rxc3 1-0

[Event "25th Klatovy B 2017"]
[Site "Klatovy CZE"]
[Date "2017.07.01"]
[Round "1.2"]
[White "Sibl, Vaclav"]
[Black "Sedlacek, Pavel"]
[Result "1-0"]
[WhiteElo "1961"]
[BlackElo "1580"]
[PlyCount "79"]
[EventDate "2017.07.01"]
[EventType "swiss"]
[EventRounds "9"]
[EventCountry "CZE"]

1. d4 d5 2. Nf3 Nf6 3. g3 e6 4. Bg2 c5 5. O-O Nc6 6. b3 cxd4 7. Nxd4 Bc5 8. Bb2 O-O 9. e3 Nxd4 10. exd4 Bd6 11. Nd2 b6 12. Rc1 Bb7 13. Re1 Rc8 14. c4 Qe7 15. Rc2 Rc7 16. Qc1 Rfc8 17. Bf1 Ng4 18. h3 Nf6 19. Re3 Bb4 20. Bd3 Qd7 21. Qf1 a5 22. Nf3 dxc4 23. bxc4 Qc6 24. Kh2 Qa4 25. a3 Be7 26. Rc1 Ba6 27. Nd2 Ne8 28. Be2 Qd7 29. Bd3 Nd6 30. d5 Bg5 31. f4 Bh6 32. dxe6 fxe6 33. Be5 g6 34. c5 Bxd3 35. Rxd3 Rxc5 36. Rxc5 Rxc5 37. Rxd6 Qc8 38. Qd3 Bf8 39. Rd8 Qb7 40. Qd6 1-0

[Event "25th Klatovy B 2017"]
[Site "Klatovy CZE"]
[Date "2017.07.01"]
[Round "1.3"]
[White "Vasko, Pavel"]
[Black "Zednik, Zdenek"]
[Result "0-1"]
[WhiteElo "1578"]
[BlackElo "1950"]
[PlyCount "162"]
[EventDate "2017.07.01"]
[EventType "swiss"]
[EventRounds "9"]
[EventCountry "CZE"]

1. e4 c6 2. d4 g6 3. Nf3 Bg7 4. Bd3 d5 5. c3 dxe4 6. Bxe4 Nf6 7. Bc2 O-O 8. O-O Nbd7 9. h3 Qc7 10. Re1 Nb6 11. Bg5 Be6 12. Qc1 Rfe8 13. Bf4 Qd8 14. Nbd2 Rc8 15. Ne4 Nxe4 16. Bxe4 Nd5 17. Bh6 Bh8 18. Ng5 Bd7 19. Nf3 Nf6 20. Bc2 Qa5 21. Ne5 Be6 22. Bb3 Bxb3 23. axb3 Qb6 24. b4 a6 25. Nd3 Nd5 26. Nf4 e5 27. dxe5 Bxe5 28. Qd2 Nxf4 29. Bxf4 Bxf4 30. Qxf4 c5 31. bxc5 Qxb2 32. Qc4 Qd2 33. Red1 Qe2 34. Qb4 Rc7 35. Qb6 Rec8 36. Re1 Qb5 37. Reb1 Qc4 38. Ra3 Qd5 39. Raa1 Re7 40. Ra5 Rc6 41. Qb4 Rec7 42. Qd4 Qf5 43. Qd8+ Kg7 44. Qd4+ f6 45. Qb4 h5 46. Kh2 Kh6 47. Rb2 g5 48. g3 Kg6 49. Qd4 Rd7 50. Qc4 Qf3 51. Ra1 Kg7 52. Re1 Qf5 53. Reb1 Rxc5 54. Qe2 Re5 55. Qf1 Ree7 56. Qg2 b5 57. Qc6 Qe6 58. Qc5 Rc7 59. Qb4 Qc4 60. Ra1 Re6 61. Rb3 Qxb4 62. cxb4 Rc2 63. Kg2 Ree2 64. Rf3 Ra2 65. Rc1 Re6 66. Rcc3 Rb2 67. Rb3 Rxb3 68. Rxb3 Kf7 69. f3 Re2+ 70. Kf1 Ra2 71. h4 gxh4 72. gxh4 Rh2 73. Ra3 Rxh4 74. Rxa6 Rxb4 75. Rb6 Rb2 76. Kg1 Kg6 77. Rb8 f5 78. Rg8+ Kf6 79. Rh8 Kg5 80. Rg8+ Kf4 81. Rh8 h4 0-1

[Event "25th Klatovy B 2017"]
[Site "Klatovy CZE"]
[Date "2017.07.01"]
[Round "1.4"]
[White "Soukal, Roman"]
[Black "Svejdar, Pavel"]
[Result "1-0"]
[WhiteElo "1931"]
[BlackElo "1581"]
[PlyCount "35"]
[EventDate "2017.07.01"]
[EventType "swiss"]
[EventRounds "9"]
[EventCountry "CZE"]

1. e4 e5 2. f4 d5 3. exd5 Qxd5 4. Nc3 Qe6 5. fxe5 Qxe5+ 6. Be2 Bg4 7. d4 Bxe2 8. Ngxe2 Qa5 9. O-O Nf6 10. Ng3 Nc6 11. Qe2+ Ne7 12. Nf5 Nfd5 13. Bd2 g6 14. Nxd5 Qxd5 15. Nxe7 Bxe7 16. Rae1 Qxd4+ 17. Kh1 O-O-O 18. Bc3 1-0

[Event "25th Klatovy B 2017"]
[Site "Klatovy CZE"]
[Date "2017.07.01"]
[Round "1.5"]
[White "Roskovec, Bedrich"]
[Black "Masek, Jan"]
[Result "0-1"]
[WhiteElo "1858"]
[BlackElo "1915"]
[PlyCount "86"]
[EventDate "2017.07.01"]
[EventType "swiss"]
[EventRounds "9"]
[EventCountry "CZE"]

1. e4 e5 2. Nf3 Nc6 3. Bb5 a6 4. Ba4 Nf6 5. O-O Be7 6. Re1 b5 7. Bb3 O-O 8. c3 d5 9. exd5 Nxd5 10. Nxe5 Nxe5 11. Rxe5 c6 12. d4 Bd6 13. Re1 Qh4 14. g3 Qh3 15. Qf3 Bg4 16. Qg2 Qh5 17. Bxd5 cxd5 18. Be3 Bf3 19. Qf1 f5 20. Nd2 f4 21. Nxf3 fxe3 22. Rxe3 Rxf3 23. Qe2 Raf8 24. Re1 Qf7 25. Rxf3 Qxf3 26. Qxf3 Rxf3 27. Re6 Rf6 28. Re8+ Bf8 29. Re5 Rd6 30. f4 g6 31. Kf2 Kf7 32. Kf3 Bg7 33. Re3 Re6 34. Rxe6 Kxe6 35. Kg4 h6 36. h4 Bf6 37. h5 Kf7 38. hxg6+ Kxg6 39. Kf3 Be7 40. b4 Bd8 41. Kg4 h5+ 42. Kf3 Kf5 43. Ke3 Kg4 0-1

[Event "25th Klatovy B 2017"]
[Site "Klatovy CZE"]
[Date "2017.07.01"]
[Round "1.6"]
[White "Mejzr, Jan"]
[Black "Sedlak, Jakub"]
[Result "1-0"]
[WhiteElo "1901"]
[BlackElo "1495"]
[PlyCount "23"]
[EventDate "2017.07.01"]
[EventType "swiss"]
[EventRounds "9"]
[EventCountry "CZE"]

1. c4 Nf6 2. Nf3 c5 3. Nc3 e6 4. g3 b6 5. Bg2 Bb7 6. O-O Be7 7. d3 d5 8. Ne5 Qc7 9. Bf4 Qc8 10. Qa4+ Nbd7 11. Nb5 Nxe5 12. Nd6+ 1-0

[Event "25th Klatovy B 2017"]
[Site "Klatovy CZE"]
[Date "2017.07.01"]
[Round "1.7"]
[White "Kotal, Vit"]
[Black "Jirasek, Jiri"]
[Result "0-1"]
[WhiteElo "1388"]
[BlackElo "1874"]
[PlyCount "78"]
[EventDate "2017.07.01"]
[EventType "swiss"]
[EventRounds "9"]
[EventCountry "CZE"]

1. e4 e5 2. Nf3 Nf6 3. Nc3 Nc6 4. Bb5 d6 5. O-O Bd7 6. d3 Be7 7. Re1 O-O 8. h3 a6 9. Ba4 b5 10. Bb3 Na5 11. Be3 c5 12. Nd2 Nxb3 13. axb3 b4 14. Na4 Qc7 15. f4 Bxa4 16. bxa4 d5 17. f5 dxe4 18. dxe4 Rfd8 19. Qf3 c4 20. b3 cxb3 21. cxb3 Rd3 22. Rac1 Rc3 23. Nc4 Rd8 24. Rxc3 bxc3 25. Bb6 Bc5+ 26. Bxc5 Qxc5+ 27. Kh2 Qb4 28. Rd1 Rxd1 29. Qxd1 Nxe4 30. Qd8+ Qf8 31. Qd3 Nf6 32. Qxc3 e4 33. g4 h6 34. Kg2 Qb8 35. Qd2 Qxb3 36. Qd8+ Kh7 37. Qc7 Qf3+ 38. Kh2 Qf2+ 39. Kh1 e3 0-1

[Event "25th Klatovy B 2017"]
[Site "Klatovy CZE"]
[Date "2017.07.02"]
[Round "1.8"]
[White "Perik, Alois"]
[Black "Novy, Jan"]
[Result "1-0"]
[WhiteElo "1870"]
[BlackElo "1563"]
[PlyCount "107"]
[EventDate "2017.07.01"]
[EventType "swiss"]
[EventRounds "9"]
[EventCountry "CZE"]

1. c4 e5 2. Nc3 f5 3. g3 Nf6 4. Bg2 Nc6 5. d3 Bb4 6. Nf3 O-O 7. O-O d6 8. Bg5 Ne7 9. Nd5 Nexd5 10. cxd5 h6 11. Bxf6 Qxf6 12. e3 Bd7 13. Rc1 Ba5 14. Nd2 b5 15. b4 Bb6 16. Nb3 a6 17. d4 Rae8 18. dxe5 Rxe5 19. Nd4 g5 20. Ne2 f4 21. gxf4 gxf4 22. Nxf4 Rg5 23. Kh1 Kh8 24. Rg1 Rfg8 25. Qd2 R8g7 26. Qc3 Re5 27. Nd3 Rf5 28. Qxf6 Rxf6 29. Nf4 Rgf7 30. Be4 Rxf4 31. exf4 Rxf4 32. f3 Be8 33. Rg4 Rxg4 34. fxg4 Kg7 35. Rf1 Bf7 36. Kg2 Be3 37. h4 Bd2 38. a3 Be3 39. Kf3 Bd4 40. Ke2 Be8 41. Kd2 Bb6 42. Kd3 Bd7 43. Bf5 Be8 44. Ke4 c6 45. h5 c5 46. bxc5 Bxc5 47. Rf3 a5 48. Bc8 b4 49. axb4 Bxb4 50. Bb7 Bd7 51. Bc6 Bxg4 52. Rg3 Ba3 53. Rxg4+ Kf6 54. Rg6+ 1-0

[Event "25th Klatovy B 2017"]
[Site "Klatovy CZE"]
[Date "2017.07.01"]
[Round "1.9"]
[White "Kudrna, Miroslav"]
[Black "Vachal, Josef1"]
[Result "0-1"]
[WhiteElo "1569"]
[BlackElo "1872"]
[PlyCount "58"]
[EventDate "2017.07.01"]
[EventType "swiss"]
[EventRounds "9"]
[EventCountry "CZE"]

1. e4 e6 2. d4 d5 3. exd5 exd5 4. Be2 Bd6 5. Nf3 Ne7 6. O-O O-O 7. Re1 Re8 8. Bd3 Bg4 9. Bg5 f6 10. Bh4 Nf5 11. Bxf5 Bxf5 12. c3 Nd7 13. Nbd2 Rxe1+ 14. Qxe1 Qf8 15. Qe2 Re8 16. Qb5 Nb6 17. Re1 Rxe1+ 18. Nxe1 Qe7 19. Kf1 Kf8 20. Bg3 Bxg3 21. hxg3 a6 22. Qa5 Bd7 23. Ndf3 g5 24. b3 g4 25. Nd2 Bb5+ 26. c4 dxc4 27. bxc4 Nxc4 28. Nxc4 Bxc4+ 29. Kg1 Bxa2 0-1

[Event "25th Klatovy B 2017"]
[Site "Klatovy CZE"]
[Date "2017.07.01"]
[Round "1.10"]
[White "Flajsman, Pavel"]
[Black "Flajsman, Petr"]
[Result "1-0"]
[WhiteElo "1736"]
[BlackElo "1567"]
[PlyCount "103"]
[EventDate "2017.07.01"]
[EventType "swiss"]
[EventRounds "9"]
[EventCountry "CZE"]

1. e4 e5 2. Nf3 Bd6 3. d4 Nc6 4. Nc3 exd4 5. Nxd4 Nxd4 6. Qxd4 Qf6 7. Be3 Be5 8. Qd2 Bxc3 9. bxc3 Qe7 10. f3 Nf6 11. Bc4 O-O 12. O-O Re8 13. Rfe1 d6 14. Rab1 b6 15. Bg5 h6 16. Bxf6 Qxf6 17. Qd4 Qe7 18. Bb3 Be6 19. c4 c5 20. Qd3 Rad8 21. c3 Qf6 22. Rbd1 g6 23. Rd2 Rc8 24. Qe3 Red8 25. Red1 b5 26. cxb5 Bxb3 27. axb3 Kh7 28. c4 Rc7 29. e5 Re7 30. exf6 Rxe3 31. Rxd6 Rde8 32. Rd7 g5 33. Rxf7+ Kg6 34. Rxa7 Rxb3 35. f7 Rf8 36. Rd5 Rb2 37. h3 Rxf7 38. Rxf7 Kxf7 39. Rxc5 Kf6 40. Rc6+ Kf5 41. Rxh6 Kf4 42. Kh2 Rb4 43. Rc6 g4 44. hxg4 Ra4 45. b6 Ra8 46. Rh6 Rc8 47. b7 Rb8 48. Rh7 Kg5 49. c5 Kg6 50. Rd7 Rh8+ 51. Kg3 Kf6 52. c6 1-0

[Event "25th Klatovy B 2017"]
[Site "Klatovy CZE"]
[Date "2017.07.01"]
[Round "1.11"]
[White "Jesensky, Jaromir"]
[Black "Kaspar, Lukas"]
[Result "1-0"]
[WhiteElo "1552"]
[BlackElo "1764"]
[PlyCount "129"]
[EventDate "2017.07.01"]
[EventType "swiss"]
[EventRounds "9"]
[EventCountry "CZE"]

1. e4 e6 2. d4 d5 3. exd5 exd5 4. Nf3 Bd6 5. Bd3 Ne7 6. O-O O-O 7. Nc3 c6 8. Ne2 Bf5 9. Bf4 Bxd3 10. Qxd3 Ng6 11. Bxd6 Qxd6 12. c3 Nd7 13. Ng3 Nf4 14. Qf5 Rae8 15. Rfe1 g6 16. Qc2 Kg7 17. Rxe8 Rxe8 18. Qd2 Nb6 19. Ne5 f6 20. Qxf4 fxe5 21. Qg5 Kf7 22. Qh6 Kg8 23. Re1 Qb8 24. dxe5 Rxe5 25. Qc1 Qe8 26. Kf1 Na4 27. Ne2 Nc5 28. Qc2 Ne4 29. f3 Nd6 30. Qc1 Nc4 31. Kf2 Qd8 32. Nf4 Qh4+ 33. g3 Qxh2+ 34. Ng2 Qh5 35. Rh1 Qf5 36. g4 Qd3 37. Qh6 Re2+ 38. Kg3 Re7 39. Nf4 Qc2 40. Ne6 Rf7 41. Ng5 Rg7 42. Nxh7 Kf7 43. Ng5+ Kf6 44. Qh8 Ne3 45. Nh7+ Ke6 46. Qxg7 Qg2+ 47. Kf4 Qxh1 48. Ng5+ Kd6 49. Qxg6+ Kc5 50. Ne6+ Kc4 51. Qh5 Ng2+ 52. Ke5 Qe1+ 53. Kd6 Qg3+ 54. Qe5 Qxe5+ 55. Kxe5 Kd3 56. Nf4+ Nxf4 57. Kxf4 Kc2 58. g5 Kxb2 59. g6 Kxc3 60. g7 d4 61. g8=Q d3 62. Qb3+ Kd4 63. Qb4+ Kd5 64. Ke3 c5 65. Qe4+ 1-0

[Event "25th Klatovy B 2017"]
[Site "Klatovy CZE"]
[Date "2017.07.01"]
[Round "1.12"]
[White "Micka, Norbert"]
[Black "Palla, Ivan"]
[Result "1-0"]
[WhiteElo "1823"]
[BlackElo "1552"]
[PlyCount "58"]
[EventDate "2017.07.01"]
[EventType "swiss"]
[EventRounds "9"]
[EventCountry "CZE"]

1. Nf3 c5 2. c4 Nc6 3. Nc3 Nf6 4. g3 g6 5. d4 cxd4 6. Nxd4 Bg7 7. Bg2 O-O 8. O-O e6 9. Ndb5 Ne8 10. Bf4 e5 11. Be3 a6 12. Nd6 Nxd6 13. Qxd6 Re8 14. Rfd1 Bf8 15. Qd2 Bb4 16. Rac1 Na5 17. b3 Rb8 18. c5 Nc6 19. Qd6 Re6 20. Qd3 Qa5 21. Na4 Qb5 22. Qxb5 axb5 23. Nb6 Nd4 24. Bxd4 exd4 25. Nd5 Bc3 26. Rc2 b4 27. e3 d6 28. exd4 dxc5 29. dxc5 Kg7 1-0

[Event "25th Klatovy B 2017"]
[Site "Klatovy CZE"]
[Date "2017.07.01"]
[Round "1.13"]
[White "Jedlicka, Pavel"]
[Black "Berka, Lubos"]
[Result "1-0"]
[WhiteElo "1525"]
[BlackElo "1822"]
[PlyCount "63"]
[EventDate "2017.07.01"]
[EventType "swiss"]
[EventRounds "9"]
[EventCountry "CZE"]

1. f4 d5 2. d4 Nf6 3. e3 e6 4. Nf3 c5 5. c3 Nc6 6. Be2 cxd4 7. cxd4 Bb4+ 8. Bd2 Bxd2+ 9. Nbxd2 O-O 10. O-O Ng4 11. Qb3 a6 12. h3 Nf6 13. Ne5 Qd6 14. a3 Nd7 15. Bd3 f6 16. Nxc6 bxc6 17. Rac1 f5 18. Nf3 c5 19. dxc5 Nxc5 20. Qc2 Nxd3 21. Qxd3 a5 22. Rf2 Ba6 23. Qd4 Rfc8 24. Rfc2 Rxc2 25. Rxc2 Rc8 26. Rxc8+ Bxc8 27. Qa7 Qa6 28. Qe7 h6 29. Ne5 Qb7 30. Qe8+ Kh7 31. Ng6 Qa6 32. Ne7 1-0

[Event "25th Klatovy B 2017"]
[Site "Klatovy CZE"]
[Date "2017.07.01"]
[Round "1.14"]
[White "Davaademberel, Purevdorj 1981"]
[Black "Bauer, Jan 2005"]
[Result "1-0"]
[WhiteElo "1835"]
[BlackElo "1432"]
[PlyCount "43"]
[EventDate "2017.07.01"]
[EventType "swiss"]
[EventRounds "9"]
[EventCountry "CZE"]

1. e4 e5 2. Nf3 Nc6 3. Bc4 Nf6 4. Ng5 d5 5. exd5 Na5 6. Bb5+ c6 7. dxc6 bxc6 8. Be2 Bc5 9. O-O h6 10. Nf3 e4 11. Ne5 Bd6 12. d4 O-O 13. Na3 Qc7 14. f4 Nd5 15. c4 Bxe5 16. fxe5 Nb6 17. Bd2 Nb7 18. Bc3 Be6 19. Qc2 f5 20. exf6 gxf6 21. Qxe4 Qg7 22. Qxe6+ 1-0

[Event "25th Klatovy B 2017"]
[Site "Klatovy CZE"]
[Date "2017.07.01"]
[Round "1.15"]
[White "Lukes, Martin 2001"]
[Black "Lener, Jaroslav 1975"]
[Result "0-1"]
[WhiteElo "1474"]
[BlackElo "1750"]
[PlyCount "34"]
[EventDate "2017.07.01"]
[EventType "swiss"]
[EventRounds "9"]
[EventCountry "CZE"]

1. e4 c5 2. Nf3 Nc6 3. d4 cxd4 4. Nxd4 d6 5. Nc3 Nf6 6. Be3 e5 7. Nb3 Ng4 8. Bd2 Nf6 9. Bd3 Be6 10. Qf3 Be7 11. h3 a6 12. O-O-O Nb4 13. Be2 Rc8 14. g4 Bxb3 15. axb3 Qa5 16. Bd3 Qa1+ 17. Nb1 Na2# 0-1

[Event "25th Klatovy B 2017"]
[Site "Klatovy CZE"]
[Date "2017.07.01"]
[Round "1.16"]
[White "Simacek, Vaclav"]
[Black "Vavrinkova, Anna"]
[Result "1-0"]
[WhiteElo "1830"]
[BlackElo "1452"]
[PlyCount "49"]
[EventDate "2017.07.01"]
[EventType "swiss"]
[EventRounds "9"]
[EventCountry "CZE"]

1. e4 e5 2. Nc3 Nf6 3. f4 d6 4. Nf3 Nc6 5. Bb5 exf4 6. d4 Bd7 7. Bxf4 a6 8. Bc4 b5 9. Bd3 Be7 10. O-O O-O 11. a3 Bg4 12. Be3 h6 13. Qe1 Kh8 14. Qg3 Qd7 15. d5 Na5 16. e5 Ng8 17. e6 Bxe6 18. dxe6 fxe6 19. Qg6 Nf6 20. Nh4 Kg8 21. Bxh6 Rf7 22. Rxf6 Bxf6 23. Qh7+ Kf8 24. Ng6+ Ke8 25. Qg8+ 1-0

[Event "25th Klatovy B 2017"]
[Site "Klatovy CZE"]
[Date "2017.07.01"]
[Round "1.17"]
[White "Nandin Erdene, Davaademberel 2008"]
[Black "Esterka, Jan"]
[Result "0-1"]
[WhiteElo "1501"]
[BlackElo "1827"]
[PlyCount "66"]
[EventDate "2017.07.01"]
[EventType "swiss"]
[EventRounds "9"]
[EventCountry "CZE"]

1. e4 c5 2. Nf3 d6 3. d4 cxd4 4. Nxd4 Nf6 5. Nc3 g6 6. Be3 Bg7 7. f3 O-O 8. Qd2 Nc6 9. O-O-O d5 10. Nxc6 bxc6 11. exd5 cxd5 12. Nxd5 Nxd5 13. Qxd5 Qc7 14. g4 Be6 15. Qc5 Qb7 16. Bd4 Qxf3 17. Bxg7 Kxg7 18. Rg1 Kg8 19. Bg2 Qf4+ 20. Kb1 Rac8 21. Qxa7 Qxh2 22. Qf2 Bxg4 23. Rh1 Qe5 24. Qh4 h5 25. Rdg1 Bf5 26. Rc1 Qe2 27. Rcg1 Rxc2 28. Ka1 Rxb2 29. Bd5 Qe5 30. Rxg6+ Bxg6 31. Bxf7+ Rxf7 32. a4 Rb1+ 33. Ka2 Qb2# 0-1

[Event "25th Klatovy B 2017"]
[Site "Klatovy CZE"]
[Date "2017.07.01"]
[Round "1.18"]
[White "Haderka, Karel"]
[Black "Tomascik, Petr"]
[Result "1-0"]
[WhiteElo "1825"]
[BlackElo "1474"]
[PlyCount "69"]
[EventDate "2017.07.01"]
[EventType "swiss"]
[EventRounds "9"]
[EventCountry "CZE"]

1. c4 Nf6 2. Nc3 g6 3. g3 Bg7 4. Bg2 e6 5. e3 c6 6. Nge2 d5 7. cxd5 cxd5 8. d4 Bd7 9. O-O Bc6 10. b4 a6 11. a4 O-O 12. a5 Nbd7 13. Ba3 Re8 14. Nf4 b5 15. axb6 Nxb6 16. Nd3 Nc4 17. Nc5 Bb5 18. Re1 Nxa3 19. Rxa3 Bc4 20. Qa1 e5 21. dxe5 Rxe5 22. Qd1 Qb6 23. Nd3 Bxd3 24. Qxd3 Qxb4 25. Ra4 Qc5 26. Rc1 Ne4 27. Ne2 Qe7 28. Rxa6 Rxa6 29. Qxa6 Re6 30. Qa8+ Bf8 31. Nf4 Re5 32. Nxd5 Qd6 33. Bxe4 Rxe4 34. Nf6+ Qxf6 35. Qxe4 1-0

[Event "25th Klatovy B 2017"]
[Site "Klatovy CZE"]
[Date "2017.07.01"]
[Round "1.19"]
[White "Sindelar, Jan"]
[Black "Lacha, Jan"]
[Result "1/2-1/2"]
[WhiteElo "1395"]
[BlackElo "1815"]
[PlyCount "65"]
[EventDate "2017.07.01"]
[EventType "swiss"]
[EventRounds "9"]
[EventCountry "CZE"]

1. c4 c5 2. Nc3 g6 3. g3 Bg7 4. Bg2 Nf6 5. Nf3 Nc6 6. O-O d6 7. d4 cxd4 8. Nxd4 Bd7 9. Nc2 Qc8 10. Nd5 Ne5 11. Nde3 Bh3 12. Na3 Bxg2 13. Kxg2 Qc6+ 14. Kg1 h5 15. Rb1 h4 16. b3 Nfg4 17. Nxg4 Nxg4 18. Qd5 hxg3 19. Qxc6+ bxc6 20. hxg3 Rh5 21. Nc2 Kd7 22. Ne3 Nxe3 23. Bxe3 a5 24. Kg2 a4 25. b4 a3 26. Rb3 Bb2 27. Bc1 Bxc1 28. Rxc1 Rhh8 29. Rcc3 Rhb8 30. e4 Ra4 31. Rxa3 Rbxb4 32. Rxa4 Rxa4 33. a3 1/2-1/2

[Event "25th Klatovy B 2017"]
[Site "Klatovy CZE"]
[Date "2017.07.01"]
[Round "1.21"]
[White "Kubat, Ladislav"]
[Black "Chmelik, Ladislav"]
[Result "1-0"]
[WhiteElo "1482"]
[BlackElo "1739"]
[PlyCount "89"]
[EventDate "2017.07.01"]
[EventType "swiss"]
[EventRounds "9"]
[EventCountry "CZE"]

1. e4 e5 2. Nf3 Nc6 3. Nc3 Bc5 4. Nxe5 Bxf2+ 5. Kxf2 Nxe5 6. d4 Nc6 7. Bc4 Qf6+ 8. Ke3 d6 9. Rf1 Qh6+ 10. Kf2 Qh4+ 11. Kg1 Nf6 12. Rf4 Bg4 13. Be2 Bxe2 14. Qxe2 Qh5 15. a3 O-O 16. Be3 Qxe2 17. Nxe2 Rfe8 18. Ng3 Na5 19. b3 Re6 20. Bd2 b6 21. d5 Re7 22. Bc3 Nd7 23. Nf5 Ree8 24. Nxg7 Rf8 25. Rg4 h5 26. Nxh5+ Kh7 27. Nf6+ Nxf6 28. Bxf6 Rg8 29. Rxg8 Kxg8 30. h4 Nb7 31. b4 a5 32. Rb1 axb4 33. axb4 Rc8 34. Rb3 c6 35. dxc6 Rxc6 36. Rc3 Rxc3 37. Bxc3 Nd8 38. Kf2 b5 39. Ke3 Ne6 40. Bd2 Kg7 41. Kd3 Kg6 42. c4 bxc4+ 43. Kxc4 Kh5 44. g3 Kg4 45. Bf4 1-0

[Event "25th Klatovy B 2017"]
[Site "Klatovy CZE"]
[Date "2017.07.01"]
[Round "1.22"]
[White "Nechutny, Michal"]
[Black "Dolejs, Jakub"]
[Result "1-0"]
[WhiteElo "1766"]
[BlackElo "1442"]
[PlyCount "47"]
[EventDate "2017.07.01"]
[EventType "swiss"]
[EventRounds "9"]
[EventCountry "CZE"]

1. e4 c5 2. c3 d6 3. d4 cxd4 4. cxd4 Nf6 5. Nc3 g6 6. Nf3 Bg7 7. h3 e6 8. Bb5+ Bd7 9. Bxd7+ Nfxd7 10. O-O O-O 11. Bf4 Qe7 12. Nb5 e5 13. Bh2 a6 14. Nc7 Ra7 15. Nd5 Qe6 16. dxe5 Bxe5 17. Bxe5 dxe5 18. Rc1 Nc6 19. Qe2 Ne7 20. Nxe7+ Qxe7 21. Rfd1 b5 22. Qe3 Raa8 23. Rc7 Rfd8 24. Qd2 1-0

[Event "25th Klatovy B 2017"]
[Site "Klatovy CZE"]
[Date "2017.07.01"]
[Round "1.23"]
[White "Merinsky, Vaclav"]
[Black "Kovarova, Oxana"]
[Result "1-0"]
[WhiteElo "1439"]
[BlackElo "1740"]
[PlyCount "103"]
[EventDate "2017.07.01"]
[EventType "swiss"]
[EventRounds "9"]
[EventCountry "CZE"]

1. e4 e5 2. Nf3 Nc6 3. c3 Nf6 4. d4 d5 5. exd5 Qxd5 6. dxe5 Qxd1+ 7. Kxd1 Ng4 8. Ke1 Bc5 9. Be3 Bxe3 10. fxe3 Nxe3 11. Bd3 Nxg2+ 12. Kf2 Nf4 13. Bb5 Bd7 14. Re1 O-O-O 15. Na3 a6 16. Bf1 Rhe8 17. b4 Bf5 18. Kg3 Nd3 19. Re3 Ndxe5 20. Nxe5 Rxe5 21. Rxe5 Nxe5 22. Kf4 Rd5 23. Kxf5 f6 24. Kf4 Rd2 25. Nc4 Rxh2 26. Nxe5 fxe5+ 27. Kxe5 Kd7 28. Bc4 h5 29. Rg1 b5 30. Rxg7+ Kc6 31. Bd5+ Kb6 32. Rg6+ Ka7 33. Rc6 Kb7 34. Ke6 Rd2 35. Rc5+ Kb8 36. Bf3 Rxa2 37. Rxh5 Rc2 38. Rc5 Rd2 39. Ke5 Rd6 40. Rc6 Rxc6 41. Bxc6 Ka7 42. Kd5 Kb6 43. Bd7 c5 44. bxc5+ Kc7 45. c6 a5 46. Kc5 a4 47. Kxb5 a3 48. Be6 Kd6 49. Ba2 Kc7 50. Kc5 Kc8 51. Kd6 Kd8 52. c7+ 1-0

[Event "25th Klatovy B 2017"]
[Site "Klatovy CZE"]
[Date "2017.07.01"]
[Round "1.24"]
[White "Cyron, Karel"]
[Black "Kadlec, Rudolf"]
[Result "1-0"]
[WhiteElo "1774"]
[BlackElo "1436"]
[PlyCount "97"]
[EventDate "2017.07.01"]
[EventType "swiss"]
[EventRounds "9"]
[EventCountry "CZE"]

1. e4 d5 2. exd5 Nf6 3. d4 Nxd5 4. c4 Nb4 5. a3 N4c6 6. Nf3 e6 7. Nc3 b6 8. Be2 Bd6 9. O-O O-O 10. Bd3 f5 11. b4 Be7 12. Bb2 Bf6 13. Ne2 Ne7 14. Qc2 Bb7 15. Ne5 Bxe5 16. dxe5 Qe8 17. Nd4 Qg6 18. f4 a6 19. Rad1 Nbc6 20. Nf3 h6 21. b5 Na7 22. a4 a5 23. Ba3 Rfe8 24. Be2 Bxf3 25. Bxf3 Rac8 26. Rd7 Qf7 27. Rfd1 Kh7 28. Bb7 Rb8 29. Rxc7 Nac8 30. Rdd7 Qg8 31. Bxc8 Rbxc8 32. Rxe7 Rxe7 33. Rxe7 Qf8 34. Bd6 Qg8 35. Rb7 Qd8 36. c5 bxc5 37. Qc4 Qh4 38. g3 Qg4 39. Kg2 Qd1 40. Re7 Qd2+ 41. Kh3 Qd1 42. Rxe6 Qg4+ 43. Kg2 h5 44. Qd3 h4 45. Qf3 Qxf3+ 46. Kxf3 c4 47. Ba3 Rd8 48. Rd6 Rc8 49. Ke3 1-0

[Event "25th Klatovy B 2017"]
[Site "Klatovy CZE"]
[Date "2017.07.01"]
[Round "1.25"]
[White "Chmelik, Benedikt"]
[Black "Ostry, Michal"]
[Result "1-0"]
[WhiteElo "1432"]
[BlackElo "1743"]
[PlyCount "61"]
[EventDate "2017.07.01"]
[EventType "swiss"]
[EventRounds "9"]
[EventCountry "CZE"]

1. e4 c5 2. Nf3 d6 3. d4 cxd4 4. Nxd4 Nf6 5. Nc3 g6 6. Bd3 Bg7 7. Bg5 Nc6 8. Nb3 Be6 9. Qd2 Rc8 10. Bh6 O-O 11. Bxg7 Kxg7 12. O-O a6 13. f4 b5 14. f5 Bd7 15. a4 b4 16. Nd5 a5 17. Nxf6 exf6 18. Bb5 Qc7 19. Rad1 Ne5 20. Qxd6 Qxc2 21. fxg6 fxg6 22. Bxd7 Qxb3 23. Bxc8 Qxb2 24. Be6 Qc3 25. Qd4 Qc6 26. Qa7+ Kh6 27. Bd5 Qc3 28. Qe7 Qe3+ 29. Kh1 Rc8 30. Qxf6 Nd3 31. Qh4+ 1-0

[Event "25th Klatovy B 2017"]
[Site "Klatovy CZE"]
[Date "2017.07.01"]
[Round "1.26"]
[White "Skalny, Petr"]
[Black "Celovsky, Jan"]
[Result "0-1"]
[WhiteElo "1767"]
[BlackElo "1387"]
[PlyCount "62"]
[EventDate "2017.07.01"]
[EventType "swiss"]
[EventRounds "9"]
[EventCountry "CZE"]

1. d4 d5 2. c4 e6 3. Nc3 Be7 4. Nf3 Nf6 5. Bf4 O-O 6. h3 c5 7. e3 Nc6 8. Be2 Qb6 9. Qd2 Rd8 10. Nb5 Ne4 11. Qd1 Bd6 12. Nxd6 Nxd6 13. cxd5 exd5 14. dxc5 Qxc5 15. O-O Ne4 16. Qa4 Qb6 17. Qc2 Qc5 18. Qxc5 Nxc5 19. Rac1 Ne6 20. Bg3 d4 21. exd4 Nexd4 22. Nxd4 Rxd4 23. Rfd1 Be6 24. a3 Rad8 25. Kh2 Bb3 26. Rxd4 Rxd4 27. Be5 Re4 28. Rc3 Rxe2 29. Rxb3 Nxe5 30. Rxb7 h6 31. Kg3 Kf8 0-1

[Event "25th Klatovy B 2017"]
[Site "Klatovy CZE"]
[Date "2017.07.01"]
[Round "1.27"]
[White "Novotny, Jaromir"]
[Black "Krupansky, Jaromir"]
[Result "0-1"]
[WhiteElo "1394"]
[BlackElo "1764"]
[PlyCount "104"]
[EventDate "2017.07.01"]
[EventType "swiss"]
[EventRounds "9"]
[EventCountry "CZE"]

1. e4 c5 2. Nf3 Nc6 3. Nc3 g6 4. d4 cxd4 5. Nxd4 Bg7 6. Be3 Nf6 7. f3 O-O 8. Rb1 d5 9. Nxc6 bxc6 10. exd5 cxd5 11. Be2 e5 12. Bc5 Re8 13. Bb5 Bd7 14. Bxd7 Qxd7 15. O-O Qc6 16. Bf2 d4 17. Ne2 Nd5 18. a3 a5 19. Qd2 Bf8 20. c3 dxc3 21. Nxc3 Nxc3 22. Qxc3 Qxc3 23. bxc3 Bxa3 24. Rfd1 a4 25. c4 Rec8 26. Ra1 Bb2 27. Ra2 a3 28. c5 Ra4 29. Be3 Kg7 30. Rd2 Rc4 31. Rdxb2 axb2 32. Rxb2 Rc3 33. Kf2 Rc6 34. f4 Rf6 35. g3 Rc4 36. Rb6 exf4 37. gxf4 Rxb6 38. cxb6 Rb4 39. Ke2 Kf6 40. Kd3 Ke6 41. Kc3 Rb1 42. Bc5 Kd5 43. Bf2 h5 44. Kc2 Rb5 45. Kc3 Kc6 46. Kc4 Rf5 47. Be3 h4 48. Kd3 Ra5 49. Ke4 Ra2 50. f5 Rxh2 51. fxg6 fxg6 52. Bf4 Rb2 0-1